000 00329nam a2200133Ia 4500
005 20260328101511.0
008 260328s9999||||xx |||||||||||||| ||und||
100 _aLe Corbusier
245 0 _aL' Unité d' habitation de Marseille /
_cLe Corbusier
260 _bLe Point
300 _a57 p.
650 _aCorbusier, Le
942 _cBK
999 _c9194
_d9194